| 000 | 00558pam a2200217 a 4500 | ||
|---|---|---|---|
| 001 | 2824192 | ||
| 005 | 20180814042235.0 | ||
| 008 | 831108s1984 nyua 001 0 eng | ||
| 010 | _a 83020777 | ||
| 020 | _a0716715937 | ||
| 020 | _a0716715945 (pbk.) | ||
| 040 |
_aDLC _cDLC _dDLC |
||
| 041 | _aeng | ||
| 080 | _a519.536 | ||
| 082 | 0 | 0 |
_a519.536 _219 |
| 100 | 1 | _a49 | |
| 101 | _aPSI | ||
| 245 | 1 | 3 |
_aAn introduction to linear regression and correlation _cAllen L. Edwards. |
| 906 |
_a7 _bcbc _corignew _d1 _eocip _f19 _gy-gencatlg |
||
| 942 |
_2ddc _cBK |
||
| 999 |
_c47084 _d47084 |
||